000 00576nam a22001817a 4500
005 20140908114355.0
010 _aENG-110754
020 _a9788183875035
_c1150.00
035 _aEN-94286
037 _bDBAD/PUB
082 _a305.56880954
245 _aAmbedkar and future of dalits /
_cedited by Sukant K. Chaudhury
260 _aNew Delhi
_bSerials Publications
_c2013
270 _a4830/24, Prahlad Street, Ansari Road, Darya Ganj
_bNew Delhi
_e110002
300 _ax,326p.
_c22cm(Hb)
500 _aIncludes index
942 _2ddc
_cEN
_h305.56880954
_mAMB
999 _c88332
_d88332